20 Ways Not to Wear a 'Cast' Quiz Stats

 Plays Quiz Updated Jan 30, 2017

Support Sporcle.
Go Orange.
Score 0/20 Timer 02:00
1 Play Today
Hint Answer % Correct
Change the Cmast
98%
Change the Clast
98%
Change the Cpast
97.1%
Change the Cfast
97.1%
Change the Acost
95.6%
Change the Cbast
93.5%
Change the Chast
91.9%
Change the Cgast
90.7%
Change the Acist
90.4%
Change the Tcase
88.5%
Hint Answer % Correct
Change the Cvast
88%
Change the Acyst
87.6%
Change the Cwast
87.1%
Change the Ceast
86.1%
Change the Scart
83.8%
Change the Coast
82.8%
Change the Tcash
81.2%
Change the Tcasa
79.8%
Change the Scant
78.8%
Change the Tcask
73.3%

You're not logged in!

Compare scores with friends on all Sporcle quizzes.
OR
Log In
Forgot?

From the Vault

5 by 5 Animals

by lolshortee

With millions of animal species to choose from, we give you 25.
Remove Ads.
Support Sporcle.
Get the best of Sporcle when you Go Orange. This ad-free experience offers more features, more stats, and more fun while also helping to support Sporcle. Thank you for becoming a member.

Show Comments

Extras

Top Quizzes Today


Score Distribution

Your Account Isn't Verified!

In order to create a playlist on Sporcle, you need to verify the email address you used during registration. Go to your Sporcle Settings to finish the process.

Report this User

Report this user for behavior that violates our Community Guidelines.

Details: